Report, 5th on Pre-voting Budget Scrutiny of the Demands for Grant relating to the DepartmentS of School Education and Mass Education Extension and Library services for the year 2014-2015 / (Record no. 342425)

MARC details
000 -LEADER
fixed length control field 01770nam a2200349 a 4500
001 - CONTROL NUMBER
control field vtls001863179
003 - CONTROL NUMBER IDENTIFIER
control field NLI
005 - DATE AND TIME OF LATEST TRANSACTION
control field 20210602183404.0
008 - FIXED-LENGTH DATA ELEMENTS--GENERAL INFORMATION
fixed length control field 150129s2014 ii gr s000 0 eng
039 #9 - LEVEL OF BIBLIOGRAPHIC CONTROL AND CODING DETAIL [OBSOLETE]
Level of rules in bibliographic description 201501291728
Level of effort used to assign nonsubject heading access points rudrar
-- 201501291724
-- rudrar
040 ## - CATALOGING SOURCE
Original cataloging agency NLI :
Language of cataloging eng
Transcribing agency NLMARC21
041 0# - LANGUAGE CODE
Language code of text/sound track or separate title eng
044 ## - COUNTRY OF PUBLISHING/PRODUCING ENTITY CODE
MARC country code ii
082 04 - DEWEY DECIMAL CLASSIFICATION NUMBER
Classification number 353.8095414
Edition number 23
110 1# - MAIN ENTRY--CORPORATE NAME
Corporate name or jurisdiction name as entry element West Bengal (India).
Subordinate unit Legislative Assembly
Number of part/section/meeting (15th :
Date of meeting or treaty signing 2011--).
Subordinate unit Standing Committee on School Education (2013-14)
9 (RLIN) 574820
245 10 - TITLE STATEMENT
Title Report, 5th on Pre-voting Budget Scrutiny of the Demands for Grant relating to the DepartmentS of School Education and Mass Education Extension and Library services for the year 2014-2015 /
Statement of responsibility, etc. Standing Committee on School Education (2013-14), 15th Legislative Assembly, Government of West Bengal
260 ## - PUBLICATION, DISTRIBUTION, ETC.
Place of publication, distribution, etc. Kolkata :
Name of publisher, distributor, etc. West Bengal Legislative Assembly Secretariat,
Date of publication, distribution, etc. 2014
300 ## - PHYSICAL DESCRIPTION
Extent vii, 14 p.;
Dimensions 24 cm.
500 ## - GENERAL NOTE
General note Presented to the Assembly on 13th June, 2014
610 10 - SUBJECT ADDED ENTRY--CORPORATE NAME
Corporate name or jurisdiction name as entry element West Bengal (India).
Subordinate unit Department of School Education
General subdivision Finance
Chronological subdivision 2014-15
9 (RLIN) 574821
610 10 - SUBJECT ADDED ENTRY--CORPORATE NAME
Corporate name or jurisdiction name as entry element West Bengal (India).
Subordinate unit Department of Mass Education Extension and Library Services
General subdivision Finance
Chronological subdivision 2014-15
9 (RLIN) 574822
650 #0 - SUBJECT ADDED ENTRY--TOPICAL TERM
Topical term or geographic name entry element Finance, Public
Geographic subdivision India
-- West Bengal
Chronological subdivision 2014-15
9 (RLIN) 522273
650 #0 - SUBJECT ADDED ENTRY--TOPICAL TERM
Topical term or geographic name entry element Education and state
General subdivision Economic aspects
Geographic subdivision India
-- West Bengal
Chronological subdivision 2014-15
9 (RLIN) 574823
650 #0 - SUBJECT ADDED ENTRY--TOPICAL TERM
Topical term or geographic name entry element Education
Geographic subdivision India
-- West Bengal
General subdivision Finance
Chronological subdivision 2014-15
9 (RLIN) 574824
887 ## - NON-MARC INFORMATION FIELD
Content of non-MARC field RUDRA RANJAN
902 ## - LOCAL DATA ELEMENT B, LDB (RLIN)
a GP 353.8095414 W52se [15th] No.5
904 ## - LOCAL DATA ELEMENT D, LDD (RLIN)
a RUDRA RANJAN
942 ## - ADDED ENTRY ELEMENTS (KOHA)
Source of classification or shelving scheme Dewey Decimal Classification
Koha item type Books
949 ## - LOCAL PROCESSING INFORMATION (OCLC)
-- VIRTUAITEM
-- 10003
-- 202
6 IOD000155251ENG
e IOD155251
Holdings
Withdrawn status Lost status Damaged status Not for loan Collection code Home library Current library Shelving location Date acquired Total Checkouts Full call number Barcode Date last seen Price effective from Koha item type
        Government Publications National Library of India National Library of India Annexe Reading Room & Stack Division     GP 353.8095414 W52se [15th] No.5 IOD000155251ENG 02/06/2021 02/06/2021 Books
                                                                           
web counter

Copyright ©2020 The National Library of India, Govt. of India ↔ Hosted by NVLI, MOC ↔ Technology and Design by National Library of India, Ministry of Culture, Govt. of India